000
00258nam a22001097a 4500
020
_a
9788131906262
082
_a
K800
100
_a
BARNETT, STEPHEN
245
_a
PLAYING WITH FRIENDS - LEVEL 1 - WORLD AROUND US - READ AND SHINE
300
_a
32P
942
_c
BK
999
_c
2948
_d
2948